00437nam a2200181Ia 4500003000400000005001700004008004100021040000700062041000800069082001800077100001700095245006200112260001600174300001200190365000700202650001400209650003200223OSt20241109123233.0210719s1949 xx 000 0 und d cAL aeng a301.4494 KAKD aKAKADE (R G) aDepressed classes of South Kanara:a socio economic survey aPoonac1949 a151bHB cRs aSociology aSouth Kanara / South Canara